Artificial Intelligence : A Modern Approach /
Contenido: I) Inteligencia artificial: 1. Introducción; 2. Agentes inteligentes. II) Resolución de problemas: 3. Resolución de problemas mediante la investigación; 4. Investigación en ambientes complejos; 5. Problemas de satisfacción de restricción; 6. Juegos de búsqueda de adversarios. III) Conocim...
محفوظ في:
| المؤلف الرئيسي: | |
|---|---|
| مؤلفون آخرون: | |
| التنسيق: | كتاب |
| اللغة: | الإنجليزية |
| منشور في: |
Harlow, Inglaterra :
Pearson,
2022, c2022
|
| الطبعة: | 4a edición |
| الموضوعات: | |
| الوسوم: |
لا توجد وسوم, كن أول من يضع وسما على هذه التسجيلة!
|
MARC
| LEADER | 00000nam^a2200000^a^4500 | ||
|---|---|---|---|
| 001 | 000427602 | ||
| 005 | 20250521000000.0 | ||
| 009 | 20260310122811.695 | ||
| 020 | |a 978-0-13-604259-4 | ||
| 037 | |a Acervo ITESO - Biblioteca | ||
| 041 | |a ING | ||
| 082 | |a 006. 3 |b RUS | ||
| 100 | |a Russell, Stuart Jonathan |e (autor) | ||
| 240 | 1 | 1 | |a [Inteligencia artificial: un enfoque moderno] |
| 245 | 1 | 0 | |a Artificial Intelligence : |b A Modern Approach / |c S.J. Russell, P. Norvig. |
| 250 | |a 4a edición |b edición global | ||
| 264 | 4 | |a Harlow, Inglaterra : |b Pearson, |c 2022, c2022 | |
| 300 | |a 1166 p. | ||
| 336 | |a texto |b txt |2 rdacontenido | ||
| 337 | |a sin mediación |b n |2 rdamedio | ||
| 338 | |a volumen |b nc |2 rdasoporte | ||
| 520 | |a Contenido: I) Inteligencia artificial: 1. Introducción; 2. Agentes inteligentes. II) Resolución de problemas: 3. Resolución de problemas mediante la investigación; 4. Investigación en ambientes complejos; 5. Problemas de satisfacción de restricción; 6. Juegos de búsqueda de adversarios. III) Conocimiento, razonamiento y planeación: 7. Agentes lógicos; 8. Lógica de primer orden; 9. Interferencia en la lógica de primer orden; 10. Representación de conocimiento; 11. Planeación automatizada. IV) conocimiento incierto y razonamiento: 12. Cualificación de la incertidumbre; 13. Razonamiento probabilístico; 14. Razonamiento probabilístico sobre tiempo. 15. Toma de decisiones simples: 16. Toma de decisiones complejas; 17. Toma de decisiones mutiagente; 18. Programación probabilística. V) Aprendizaje automático: 19. Aprendizaje por ejemplos; 20. Conocimiento en aprendizaje; 21. Modelos probabilísticos de aprendizaje; 22) Aprendizaje profundo; 23. Aprendizaje de refuerzo. VI) Comunicación, percepción y acción: 24. Procesamiento de lenguaje natural; 25. Aprendizaje profundo por procesamiento de lenguaje natural; 26. Robótica; 27. Visión de computadora. VII) Conclusiones: 28. Filosofía, ética y seguridad para la inteligencia artificial; 29. El futuro de la inteligencia artificial. | ||
| 521 | |a 2021 BO Licenciatura en Ingeniería en Mecatrónica | ||
| 649 | |a XX | ||
| 650 | |a Conocimiento | ||
| 650 | |a Razonamiento | ||
| 650 | |a Toma de Decisiones | ||
| 650 | |a Aprendizaje Automático (Inteligencia Artificial) | ||
| 650 | |a Algoritmos Computacionales | ||
| 650 | |a Solución de Problemas | ||
| 650 | |a Lógica Matemática | ||
| 650 | |a Agentes Inteligentes (Software) - |x Tema Principal | ||
| 650 | |a Métodos de Simulación | ||
| 650 | |a Probabilidad | ||
| 650 | |a Sistemas Expertos | ||
| 650 | |a Robótica | ||
| 650 | |a Inteligencia Artificial - |x Aspectos Eticos | ||
| 650 | |a Inteligencia Artificial - |x Tema Principal | ||
| 650 | |a Ingeniería Computacional | ||
| 700 | |a Norvig, Peter |e (autor) | ||
| 910 | |a Fondo General | ||
| 920 | |a Impresos - Libros | ||
| 930 | |a Colección General | ||
| 905 | |a 101 | ||
| 901 | |a 0500341618 |b IT1 |c ACC |i C174904 |u 20250521 | ||
| 902 | |a https://opac.biblio.iteso.mx/vufind/Record/000427602 | ||